000 00550nam a2200229Ia 4500
003 OSt
005 20220918202105.0
006 a|||||r|||| 00| 0
007 ta
008 220917b |||||||| |||| 00| 0 eng d
024 _a98,697
037 _cTextual
040 _aARTS
_cARTS
_beng
041 _2eng
_aeng
082 _aV2:190Y:D7, H3
100 _aSaletore R N
245 0 _aLife in the Gupta age
260 _c1943
650 _aHISTORY
942 _hV2:190Y:D7, H3
_cTEXL
_2CC
999 _c222283
_d222283